| 000 | 00374cam a2200157ua 4500 | ||
|---|---|---|---|
| 003 | OSt | ||
| 008 | 241231b |||||||| |||| 00| 0 eng d | ||
| 041 | _aeng | ||
| 082 |
_a621.33 _bPAR/MO |
||
| 100 |
_aPartab, H . _96661 |
||
| 245 | _aModern electric traction / | ||
| 250 | _a1 / | ||
| 260 |
_aDelhi : _bDhanpath Rai and sons , _c1985. |
||
| 300 | _a760 ; . | ||
| 942 | _cBK | ||
| 999 |
_c9015 _d9015 |
||